[Event "Gibraltar Masters 2020"]
[Site "Caleta ENG"]
[Date "2020.01.25"]
[Round "5.59"]
[White "Stefanova, Antoaneta"]
[Black "Injac, Teodora"]
[Result "1-0"]
[WhiteTitle "GM"]
[BlackTitle "WIM"]
[WhiteElo "2469"]
[BlackElo "2284"]
[WhiteFideId "2902257"]
[BlackFideId "932400"]
[EventDate "2020.01.21"]

1. d4 Nf6 2. c4 g6 3. g3 Bg7 4. Bg2 O-O 5. Nf3 d6 6. O-O Nc6 7. Nc3 a6 8. d5 Na5
9. b3 c5 10. dxc6 Nxc6 11. Bb2 Bf5 12. Nh4 Bd7 13. Qd2 Qa5 14. Rfd1 Rfc8 15. Na4
Qc7 16. c5 dxc5 17. Nxc5 Be8 18. Rac1 Rd8 19. Nd3 Qb6 20. h3 a5 21. Bc3 a4 22.
b4 a3 23. Qe1 Qb5 24. Ba1 Ra4 25. Bc3 Bh6 26. Rb1 b6 27. Nf3 Nd5 28. Nd4 Nxd4
29. Bxd4 Bc6 30. Ba1 Qc4 31. Nf4 Bxf4 32. gxf4 Raa8 33. Rd4 Qa6 34. Rbd1 e6 35.
e4 Ba4 36. exd5 1-0

[Event "Gibraltar Masters 2020"]
[Site "Caleta ENG"]
[Date "2020.01.25"]
[Round "5.60"]
[White "Pranav, Anand"]
[Black "Real De Azua, Ernesto"]
[Result "1/2-1/2"]
[WhiteTitle "FM"]
[BlackTitle "IM"]
[WhiteElo "2309"]
[BlackElo "2456"]
[WhiteFideId "46626786"]
[BlackFideId "108154"]
[EventDate "2020.01.21"]

1. d4 f5 2. Bg5 h6 3. Bh4 g5 4. Bg3 Nf6 5. e3 d6 6. h4 g4 7. h5 Nc6 8. d5 Ne5 9.
Ne2 c6 10. dxc6 bxc6 11. Nbc3 Qb6 12. Rb1 Bg7 13. Nd4 O-O 14. b4 Kh8 15. Be2 c5
16. bxc5 Qxc5 17. Rb3 Bd7 18. Bb5 Bc8 19. Be2 a6 20. Bh4 Bd7 21. O-O Qa5 22. Qc1
Rfc8 23. Qa3 Qxa3 24. Rxa3 Nc4 25. Bxc4 Rxc4 26. Bxf6 Bxf6 27. Nd5 Bxd4 28. exd4
Rxd4 29. Nxe7 Kg7 30. Ra5 Kf6 31. Nd5+ Kg5 32. Nb6 Rd8 33. Nxd7 Rxd7 34. Rxa6
Rc7 35. Rc1 Rd2 36. Kf1 Rcxc2 37. Rxc2 Rxc2 38. Rxd6 Rxa2 39. g3 Kxh5 40. Rd8
Ra6 41. Kg2 Kg5 42. Rg8+ Kf6 43. Re8 Re6 44. Rf8+ Kg6 45. Ra8 Kf6 46. Rb8 h5 47.
f3 Ra6 48. fxg4 hxg4 49. Rb2 1/2-1/2

[Event "Gibraltar Masters 2020"]
[Site "Caleta ENG"]
[Date "2020.01.25"]
[Round "5.61"]
[White "Gomez Anadon, Daniel"]
[Black "Mammadzada, Gunay"]
[Result "1/2-1/2"]
[WhiteTitle "FM"]
[BlackTitle "IM"]
[WhiteElo "2276"]
[BlackElo "2455"]
[WhiteFideId "2218151"]
[BlackFideId "13403729"]
[EventDate "2020.01.21"]

1. e4 c5 2. Nf3 d6 3. Bb5+ Bd7 4. Bxd7+ Nxd7 5. O-O Ngf6 6. Re1 e6 7. c3 Be7 8.
d4 O-O 9. Bg5 h6 10. Bh4 cxd4 11. cxd4 d5 12. e5 Ne4 13. Bxe7 Qxe7 14. Nbd2 f5
15. exf6 Ndxf6 16. Re2 Nd6 17. Qb3 Rfe8 18. Rae1 Qd7 19. Ne5 Qc7 20. Nef3 Qd7
21. Ne5 Qc7 22. Nef3 Qd7 23. Ne5 1/2-1/2

[Event "Gibraltar Masters 2020"]
[Site "Caleta ENG"]
[Date "2020.01.25"]
[Round "5.62"]
[White "Gvanceladze, Anna"]
[Black "Atalik, Ekaterina"]
[Result "0-1"]
[WhiteTitle "WFM"]
[BlackTitle "IM"]
[WhiteElo "2270"]
[BlackElo "2450"]
[WhiteFideId "4113721"]
[BlackFideId "4130189"]
[EventDate "2020.01.21"]

1. d4 Nf6 2. Nf3 e6 3. e3 b6 4. Bd3 Bb7 5. b3 c5 6. Bb2 cxd4 7. exd4 Nc6 8. a3
d5 9. Nbd2 Bd6 10. O-O O-O 11. Ne5 Rc8 12. Qe2 Ne7 13. f4 Ng6 14. g4 Re8 15. g5
Bxe5 16. dxe5 Nd7 17. b4 Ne7 18. Nb3 Nf5 19. Nd4 Nxd4 20. Bxd4 Nf8 21. Rf3 Rc4
22. c3 Qc7 23. Rh3 g6 24. Bxc4 dxc4 25. Rg3 Qc6 26. Kf2 Nd7 27. a4 Rd8 28. Rgg1
a6 29. Kg3 Nb8 30. a5 Rxd4 31. cxd4 b5 32. d5 exd5 33. Rad1 Nd7 34. Rd4 Nf8 35.
Rgd1 c3 36. Qc2 Ne6 37. R1d3 Nxd4 38. Rxd4 Bc8 39. Rd3 d4 40. Rxd4 Bf5 41. Rd8+
Kg7 42. Qc1 c2 43. h3 Qc3+ 44. Kf2 Bxh3 45. Rd2 Bf5 46. Rd8 Qc7 47. Rd6 Qc3 48.
Rd8 Be4 49. Ke2 Qf3+ 50. Ke1 Qg3+ 51. Ke2 Qg2+ 52. Ke1 Bf3 0-1

[Event "Gibraltar Masters 2020"]
[Site "Caleta ENG"]
[Date "2020.01.25"]
[Round "5.63"]
[White "Horvath, Dominik"]
[Black "Garrido Outon, Alex"]
[Result "1/2-1/2"]
[WhiteTitle "IM"]
[WhiteElo "2449"]
[BlackElo "2287"]
[WhiteFideId "1642561"]
[BlackFideId "24516279"]
[EventDate "2020.01.21"]

1. c4 e5 2. Nc3 Nf6 3. Nf3 Nc6 4. e4 d6 5. d4 Bg4 6. d5 Bxf3 7. gxf3 Nb8 8. c5
dxc5 9. Qb3 Qc8 10. Rg1 g6 11. Bg5 Bg7 12. Bh3 Nbd7 13. Na4 O-O 14. Rc1 b6 15.
Qb5 Qe8 16. b4 a6 17. Qc6 cxb4 18. Ke2 Ra7 19. Rgd1 h6 20. Be3 Nb8 21. Qxe8 Nxe8
22. d6 Nxd6 23. Nxb6 Rb7 24. Nc4 Nb5 25. Na5 Rb6 26. Bxb6 cxb6 27. Nc6 Nc3+ 28.
Rxc3 bxc3 29. Nxb8 Rxb8 30. Rc1 Bf8 31. Rxc3 Bc5 32. a4 Kg7 33. Bd7 a5 34. Bb5
Rd8 35. Rd3 Bd4 36. f4 f6 37. fxe5 fxe5 38. Rd2 Kf6 39. Kf3 Rc8 40. h3 Rc3+ 41.
Kg2 h5 42. Rd3 Rxd3 1/2-1/2

[Event "Gibraltar Masters 2020"]
[Site "Caleta ENG"]
[Date "2020.01.25"]
[Round "5.64"]
[White "Ladron De Guevara Pinto, Paolo"]
[Black "Bru Rullo, Llatzer"]
[Result "1-0"]
[WhiteTitle "IM"]
[BlackTitle "FM"]
[WhiteElo "2445"]
[BlackElo "2273"]
[WhiteFideId "2290847"]
[BlackFideId "22219668"]
[EventDate "2020.01.21"]

1. e4 c5 2. Nf3 e6 3. d4 cxd4 4. Nxd4 Nc6 5. Nb5 d6 6. Bf4 e5 7. Be3 Be7 8. c4
Nf6 9. N1c3 a6 10. Na3 Ng4 11. Bc1 Qb6 12. Qd2 O-O 13. Nd5 Qd8 14. f3 Nh6 15.
Nxe7+ Qxe7 16. Qf2 f5 17. Bxh6 gxh6 18. Bd3 f4 19. Nc2 Be6 20. O-O Kh8 21. Rfd1
Rg8 22. Bf1 Rg6 23. Rd2 Rag8 24. Kh1 h5 25. Rad1 Bc8 26. b4 h4 27. h3 Nd8 28. c5
dxc5 29. Qxc5 Qxc5 30. bxc5 Nc6 31. Bc4 Rf8 32. a3 Kg7 33. Bd5 Re8 34. Rb1 Rd8
35. Ne1 Ne7 36. Rbb2 Kf6 37. Rd3 Rg3 38. Bxb7 Rxd3 39. Nxd3 Bxh3 40. gxh3 Rxf3
41. Bxa6 Rxh3+ 42. Rh2 Re3 43. Rxh4 Rxe4 44. Rh6+ Kg7 45. Re6 Ng6 46. c6 1-0

[Event "Gibraltar Masters 2020"]
[Site "Caleta ENG"]
[Date "2020.01.25"]
[Round "5.65"]
[White "Rakshitta, Ravi"]
[Black "Panjwani, Raja"]
[Result "1/2-1/2"]
[WhiteTitle "WIM"]
[BlackTitle "IM"]
[WhiteElo "2267"]
[BlackElo "2444"]
[WhiteFideId "25073230"]
[BlackFideId "2604493"]
[EventDate "2020.01.21"]

1. Nf3 Nf6 2. g3 b6 3. Bg2 Bb7 4. c4 e6 5. O-O Be7 6. b3 O-O 7. Bb2 c5 8. d4
cxd4 9. Qxd4 d6 10. Nc3 a6 11. Rac1 Nbd7 12. Rfd1 Qc7 13. Nd2 Bxg2 14. Kxg2 Rfd8
15. Nde4 Ne8 16. h4 Qb7 17. Kg1 h6 18. Qe3 b5 19. Nd2 Nb6 20. cxb5 axb5 21. a3
b4 22. axb4 d5 23. Nf3 Bxb4 24. Nb5 Nd7 25. Nbd4 Nef6 26. Nc6 Rdc8 27. Nxb4 Qxb4
28. Ne5 Nxe5 29. Bxe5 Nd7 30. Qd4 Rxc1 31. Rxc1 Qa3 32. Ra1 Qxa1+ 33. Qxa1 Rxa1+
34. Bxa1 h5 35. f3 e5 36. Kf2 f6 37. b4 Kf7 38. g4 g6 39. Ke3 Ke6 40. Kd3 g5 41.
hxg5 h4 42. Ke3 fxg5 43. Bb2 Kd6 44. b5 Nf6 45. Kf2 Nh7 46. Ba3+ Kc7 47. Bb2 d4
48. e3 d3 49. e4 Kd6 50. b6 d2 51. b7 d1=Q 52. b8=Q+ Kd7 53. Qb5+ Kd8 54. Bxe5
Qd2+ 55. Qe2 Qxe2+ 56. Kxe2 Ke7 57. Ke3 Nf8 58. Bh2 Ng6 59. f4 gxf4+ 60. Bxf4
Ke6 61. Kf3 h3 62. Bb8 Nf8 63. g5 Nd7 64. Bh2 Nc5 65. Bg1 Nd7 66. Bd4 Kf7 67.
Kg3 Kg6 68. Be3 Ne5 69. Kxh3 Kh5 70. Kg3 Nf7 71. Kf4 Nxg5 72. Kf5 Nxe4 1/2-1/2

[Event "Gibraltar Masters 2020"]
[Site "Caleta ENG"]
[Date "2020.01.25"]
[Round "5.66"]
[White "Murzin, Volodar"]
[Black "Rangel, Daniel"]
[Result "1-0"]
[WhiteTitle "IM"]
[BlackTitle "FM"]
[WhiteElo "2442"]
[BlackElo "2269"]
[WhiteFideId "44155573"]
[BlackFideId "2124475"]
[EventDate "2020.01.21"]

1. d4 Nf6 2. Nf3 e6 3. Bf4 c5 4. e3 b6 5. Nbd2 Bb7 6. c3 Be7 7. Bd3 d6 8. h3
Nbd7 9. Qe2 O-O 10. O-O Re8 11. Bh2 Bf8 12. a4 a6 13. Rfd1 g6 14. e4 Ra7 15. e5
dxe5 16. dxe5 Nd5 17. Ne4 Qa8 18. h4 Bc6 19. h5 Be7 20. Nfg5 Bxg5 21. Nxg5 Ne7
22. Be4 Bxe4 23. Nxe4 Kg7 24. Rd2 Nf8 25. Rad1 Qc6 26. Qf3 Ng8 27. Nd6 Qxa4 28.
Qf4 Qd7 29. h6+ Kh8 30. Nxe8 Qxe8 31. Bg3 Nd7 32. Bh4 b5 33. Rxd7 1-0

[Event "Gibraltar Masters 2020"]
[Site "Caleta ENG"]
[Date "2020.01.25"]
[Round "5.67"]
[White "Oragwu, Chukwunonso"]
[Black "Krishna, C R G"]
[Result "0-1"]
[WhiteTitle "FM"]
[BlackTitle "IM"]
[WhiteElo "2220"]
[BlackElo "2436"]
[WhiteFideId "8501254"]
[BlackFideId "5018625"]
[EventDate "2020.01.21"]

1. e4 e6 2. d3 d5 3. Nd2 Nf6 4. Ngf3 c5 5. Be2 Nc6 6. c3 g6 7. O-O Bg7 8. Re1
O-O 9. Bf1 a5 10. a4 b6 11. Qc2 Ba6 12. Nb1 h6 13. h3 e5 14. Na3 Re8 15. Be3 Ra7
16. Rad1 Rd7 17. Bc1 Kh7 18. g3 Qb8 19. Nd2 Bb7 20. Qb3 Ba8 21. Bg2 Ne7 22. Nb5
Red8 23. Qc2 Nc6 24. Nf1 Na7 25. Nxa7 Qxa7 26. Ne3 Bc6 27. c4 dxe4 28. dxe4 Rxd1
29. Rxd1 Rxd1+ 30. Nxd1 Qd7 31. Nc3 Ne8 32. Nd5 Bxd5 33. cxd5 Nd6 34. Qb3 Qd8
35. Be3 h5 36. h4 Bh6 37. Bxh6 Kxh6 38. Qc3 Qe8 39. Qb3 Qd8 40. Qc3 Qe7 41. Qb3
Qc7 42. Qc3 f6 43. Bf1 Kg7 44. Qe3 Qd7 45. Qb3 Qc7 46. f3 c4 47. Qa3 f5 48. Kg2
fxe4 49. fxe4 Nxe4 50. Bxc4 Nd6 51. Bd3 e4 52. Bb1 Qc5 53. Qb3 Kf6 54. Qd1 Qe3
55. Qc2 Ke5 56. Ba2 Qd4 57. Kh3 Qg1 58. Qc3+ Kf5 59. Qc2 Qh1+ 60. Qh2 Qxh2+ 61.
Kxh2 Ke5 62. Kg2 Kd4 63. Kf2 Kd3 64. Bb1+ Kd2 65. Bxe4 Nxe4+ 66. Kf3 Kd3 67. g4 0-1

[Event "Gibraltar Masters 2020"]
[Site "Caleta ENG"]
[Date "2020.01.25"]
[Round "5.68"]
[White "Rakotomaharo, Fy Antenaina"]
[Black "Pratyusha, Bodda"]
[Result "1/2-1/2"]
[WhiteTitle "IM"]
[BlackTitle "WIM"]
[WhiteElo "2433"]
[BlackElo "2267"]
[WhiteFideId "13100050"]
[BlackFideId "5000629"]
[EventDate "2020.01.21"]

1. e4 c5 2. Nf3 d6 3. Bb5+ Nd7 4. c3 a6 5. Bd3 b5 6. O-O Ngf6 7. Bc2 Bb7 8. Re1
Qc7 9. a4 e6 10. axb5 axb5 11. Rxa8+ Bxa8 12. d4 Be7 13. Qe2 b4 14. d5 e5 15.
Nfd2 O-O 16. Nc4 Nb6 17. Nxb6 Qxb6 18. Nd2 Bb7 19. Nc4 Qc7 20. Bd2 bxc3 21. Bxc3
Ra8 22. Qd2 Ba6 23. Ra1 Qb8 24. Na5 Bb5 25. Ra3 Bd8 26. Qd1 Qc8 27. h3 Bb6 28.
Qa1 Ra6 29. Nb3 c4 30. Rxa6 Bxa6 31. Na5 Bb5 32. Qa3 Qc7 33. Qb4 Ba6 34. Nc6 Nd7
35. Qa3 Nc5 36. Kh2 h5 37. Bb4 Qb7 38. Qf3 Bb5 39. Qxh5 Bxc6 40. dxc6 Qxc6 41.
Qe2 Ne6 42. Bb1 Nf4 43. Qd2 Bd4 44. g3 Ne6 45. Kg2 d5 46. f3 dxe4 47. Bxe4 Qa4
48. Ba3 Qb3 49. Bc2 Qb5 50. h4 g6 51. Bb1 Ba7 52. Qd6 Kg7 53. Ba2 Bd4 54. Qb4
Qxb4 55. Bxb4 Bxb2 56. Bxc4 Nd4 57. g4 f5 58. Bd3 Ne6 59. Kf1 Nf4 60. Bc2 e4 61.
fxe4 fxg4 62. Bd6 Ne6 63. Bd1 Nd8 64. Bxg4 Nf7 65. Bg3 Ne5 66. Be2 Kf6 67. Bf4
Bd4 68. Bg5+ Kg7 69. Kg2 Nf7 70. Bd2 Kf6 71. Bc4 Ne5 72. Bg5+ Kg7 73. Bb3 Bc3
74. Kg3 Bd4 75. Kf4 Nd3+ 76. Kf3 Ne5+ 77. Ke2 Bc3 78. Ke3 Bb2 79. Bd8 Bc3 80.
Bd5 Bb2 81. Kd2 Bd4 82. Kc2 Nf3 83. Kd3 Bf6 84. Bc7 Nxh4 85. e5 Be7 86. Be4 Nf5
87. Bb6 Ba3 88. Kc4 Ne7 89. Bf3 Kf7 90. Bg4 Bb2 91. Bc7 Nf5 92. Bf3 Ke6 93. Bd5+
Kd7 94. Bb8 Ne3+ 95. Kc5 Nxd5 96. Kxd5 Bxe5 97. Bxe5 1/2-1/2

[Event "Gibraltar Masters 2020"]
[Site "Caleta ENG"]
[Date "2020.01.25"]
[Round "5.69"]
[White "Low, Zhen Yu Cyrus"]
[Black "Csiki, Endre"]
[Result "0-1"]
[WhiteTitle "IM"]
[BlackTitle "FM"]
[WhiteElo "2415"]
[BlackElo "2263"]
[WhiteFideId "5804175"]
[BlackFideId "775126"]
[EventDate "2020.01.21"]

1. e4 e5 2. Nf3 Nc6 3. Bc4 Nf6 4. Ng5 d5 5. exd5 Na5 6. Bb5+ c6 7. dxc6 bxc6 8.
Bd3 Nd5 9. h4 Be7 10. Qf3 f5 11. Bxf5 Rf8 12. Qh5+ g6 13. Bxg6+ hxg6 14. Qxg6+
Kd7 15. d3 Qb6 16. O-O Kc7 17. Qg7 Bd7 18. Qxe5+ Bd6 19. Qe1 Rae8 20. Ne4 Bf5
21. Bd2 Nb7 22. Nbc3 Nxc3 23. bxc3 Bxe4 24. dxe4 Qc5 25. Qe2 Rh8 26. Rfb1 Rxh4
27. Qa6 Rb8 28. Be3 Qh5 29. f3 Bc5 30. Bd4 Bxd4+ 31. cxd4 Qh6 32. Qd3 Nc5 33.
dxc5 Rxb1+ 34. Rxb1 Rh1+ 35. Kf2 Rxb1 36. Qc3 Rd1 37. Ke2 Rd7 38. Qa5+ Kc8 39.
Qa6+ Kb8 40. Qa5 Qc1 41. Qb4+ Kc8 42. Qc3 Qd1+ 43. Ke3 Qg1+ 44. Kf4 Qxg2 45.
Qh8+ Rd8 46. Qf6 Qh2+ 47. Kf5 Qh5+ 48. Kf4 Qxc5 49. Qe6+ Kc7 50. Qf7+ Rd7 51.
Qe6 Qd6+ 52. Kf5 Qxe6+ 53. Kxe6 Rd2 54. f4 Rxc2 55. f5 Rf2 56. e5 c5 57. f6 c4
58. Kf7 c3 59. e6 c2 60. e7 Re2 0-1

[Event "Gibraltar Masters 2020"]
[Site "Caleta ENG"]
[Date "2020.01.25"]
[Round "5.70"]
[White "Percivaldi, Martin"]
[Black "Enkhtuul, Altan-Ulzii"]
[Result "1-0"]
[WhiteTitle "IM"]
[BlackTitle "WGM"]
[WhiteElo "2403"]
[BlackElo "2200"]
[WhiteFideId "1508148"]
[BlackFideId "4901444"]
[EventDate "2020.01.21"]

1. e4 c5 2. Nf3 d6 3. d4 cxd4 4. Nxd4 Nf6 5. Nc3 a6 6. g3 e5 7. Nde2 Be7 8. Bg2
O-O 9. a4 h6 10. O-O Nc6 11. h3 Rb8 12. Nd5 Nxd5 13. exd5 Na5 14. b3 b5 15. axb5
axb5 16. Bd2 Nb7 17. b4 Bd7 18. Be3 Qc8 19. Kh2 Qc4 20. Qd3 Rfc8 21. Qxc4 Rxc4
22. c3 Bf5 23. Rfd1 Bc2 24. Rd2 Ba4 25. g4 Kh7 26. Kg1 g6 27. Kf1 f5 28. f3 h5
29. gxf5 g5 30. Ke1 h4 31. Rda2 Nd8 32. Kd2 Rbc8 33. Ra3 Nf7 34. Bf1 Bf6 35. Rc1
e4 36. Nd4 Ne5 37. fxe4 g4 38. hxg4 Nxg4 39. Bxc4 Nxe3 40. Bxb5 Bxb5 41. Ra7+
Kh6 42. Nxb5 Bg5 43. Rg1 h3 44. Ke2 h2 45. Rh1 Bf4 46. Kf3 Rg8 47. Kxf4 Ng2+ 48.
Kf3 Ne1+ 49. Ke2 Rg2+ 50. Kxe1 Rg1+ 51. Kf2 Rxh1 52. Kg2 Re1 53. Kxh2 Rxe4 54.
Nxd6 Re2+ 55. Kg3 Re3+ 56. Kf4 Rxc3 57. Nf7+ Kh5 58. Ne5 Kh6 59. Ng4+ 1-0

[Event "Gibraltar Masters 2020"]
[Site "Caleta ENG"]
[Date "2020.01.25"]
[Round "5.71"]
[White "Gschnitzer, Adrian"]
[Black "Alboredo, Julia"]
[Result "0-1"]
[WhiteTitle "FM"]
[BlackTitle "WFM"]
[WhiteElo "2388"]
[BlackElo "2190"]
[WhiteFideId "1270337"]
[BlackFideId "2124807"]
[EventDate "2020.01.21"]

1. d4 Nf6 2. c4 g6 3. Nc3 d5 4. Nf3 Bg7 5. h4 dxc4 6. e4 c5 7. d5 b5 8. Nxb5
Qa5+ 9. Nc3 Nxe4 10. Bd2 Nxc3 11. bxc3 Bg4 12. Bxc4 Nd7 13. Qc2 Rc8 14. Qe4 Bf5
15. Qe2 O-O 16. h5 Bxc3 17. Rc1 Bxd2+ 18. Nxd2 Nf6 19. f3 gxh5 20. Kf2 Qc7 21.
Qe3 Kh8 22. Ba6 Rg8 23. Bxc8 Qg3+ 24. Ke2 Qxg2+ 25. Qf2 Bd3+ 0-1

[Event "Gibraltar Masters 2020"]
[Site "Caleta ENG"]
[Date "2020.01.25"]
[Round "5.72"]
[White "Priyanka, Nutakki"]
[Black "Soumya, Swaminathan"]
[Result "1/2-1/2"]
[WhiteTitle "WIM"]
[BlackTitle "WGM"]
[WhiteElo "2242"]
[BlackElo "2384"]
[WhiteFideId "25049615"]
[BlackFideId "5016193"]
[EventDate "2020.01.21"]

1. c4 c6 2. Nf3 d5 3. e3 Nf6 4. Nc3 e6 5. b3 Bd6 6. Bb2 O-O 7. Be2 e5 8. cxd5
cxd5 9. Nb5 e4 10. Nfd4 Be7 11. Rc1 a6 12. Nc3 Bd7 13. Na4 Bd6 14. Nc5 Bc8 15.
O-O Ra7 16. f4 b6 17. Na4 Rc7 18. Rxc7 Qxc7 19. Qa1 b5 20. Rc1 Qa5 21. Nc3 Bd7
22. a3 Rc8 23. b4 Qb6 24. Qa2 Bxf4 25. Rf1 Be5 26. Nxd5 Qd6 27. Nxf6+ gxf6 28.
h3 Nc6 29. Bh5 Nxd4 30. Qxf7+ Kh8 31. Bxd4 Bxd4 32. exd4 Be8 33. Qb7 Rb8 34.
Qxe4 Bxh5 35. Qh4 Bg6 36. Rxf6 Qe7 37. Qf4 Ra8 38. d5 Kg7 39. Re6 Qa7+ 40. d4
Kg8 41. d6 Rf8 42. Qe5 Rf5 43. Re7 Rxe5 44. Rxa7 Rd5 45. d7 Kf8 46. Rxa6 Bc2 47.
Rc6 Ba4 48. Rc7 Rxd4 49. g4 h6 50. Kf2 Ke7 51. d8=Q+ Kxd8 52. Rh7 Rd3 53. Rxh6
Ke7 54. g5 Rxa3 55. Kg2 Rb3 56. Rh4 Rb2+ 57. Kg3 Bb3 58. Kf4 Bc4 59. Ke5 Re2+
60. Re4 Rxe4+ 61. Kxe4 Kf7 62. Kd4 Kg6 63. h4 Be2 64. Kc5 Kh5 65. Kb6 Kxh4 66.
g6 Kg5 67. g7 Bc4 68. g8=Q+ Bxg8 69. Kxb5 Kf6 70. Kc6 Bc4 1/2-1/2

[Event "Gibraltar Masters 2020"]
[Site "Caleta ENG"]
[Date "2020.01.25"]
[Round "5.73"]
[White "Lombaers, Peter"]
[Black "Hapala, Elisabeth"]
[Result "1-0"]
[WhiteTitle "FM"]
[BlackTitle "WFM"]
[WhiteElo "2383"]
[BlackElo "2170"]
[WhiteFideId "1032852"]
[BlackFideId "1622080"]
[EventDate "2020.01.21"]

1. d4 Nf6 2. Bf4 b6 3. e3 Bb7 4. Nf3 Nh5 5. Bg5 h6 6. Bh4 g5 7. Bg3 Nxg3 8. hxg3
Bg7 9. Nbd2 c5 10. c3 d6 11. Bd3 e6 12. g4 Nd7 13. Be4 d5 14. Bd3 a6 15. Nf1 e5
16. Bf5 e4 17. N3d2 Nf6 18. Ng3 Qd6 19. dxc5 Qxc5 20. Nb3 Qc7 21. Nd4 O-O 22.
O-O Ne8 23. Nh5 Bh8 24. f3 Nd6 25. fxe4 dxe4 26. Qb3 Nc4 27. Ne6 fxe6 28. Bxe6+
Kh7 29. Bxc4 Qc5 30. Bg8+ Rxg8 31. Qf7+ Bg7 32. Nf6+ Kh8 33. Qg6 1-0

[Event "Gibraltar Masters 2020"]
[Site "Caleta ENG"]
[Date "2020.01.25"]
[Round "5.74"]
[White "Cherniack, Alex"]
[Black "Wemmers, Xander"]
[Result "0-1"]
[BlackTitle "IM"]
[WhiteElo "2211"]
[BlackElo "2380"]
[WhiteFideId "2007606"]
[BlackFideId "1004182"]
[EventDate "2020.01.21"]

1. d4 Nf6 2. c4 e6 3. Nc3 Bb4 4. Qc2 c5 5. dxc5 O-O 6. a3 Bxc5 7. Nf3 b6 8. Bf4
Bb7 9. Rd1 Nh5 10. Bc1 Nc6 11. b4 Be7 12. e3 Rc8 13. Bb2 a5 14. b5 Nb8 15. Be2
Nf6 16. O-O Qc7 17. Qb1 d6 18. Rc1 Nbd7 19. Rfd1 Qb8 20. Rd4 Nc5 21. Rh4 g6 22.
Nd2 Nfd7 23. Rg4 f5 24. Rg3 Bf6 25. Bd1 Ne5 26. Bc2 Bg7 27. h4 Rc7 28. h5 gxh5
29. Ne2 h4 30. Rg5 Qd8 31. f4 Ng6 32. Nd4 Bf6 33. Rh5 Qe8 34. Bd1 Rg7 35. g4
Nxf4 36. exf4 Qxh5 37. g5 0-1

[Event "Gibraltar Masters 2020"]
[Site "Caleta ENG"]
[Date "2020.01.25"]
[Round "5.75"]
[White "Chigaeva, Anastasia"]
[Black "Mieles Palau, Daniel"]
[Result "1-0"]
[WhiteTitle "WFM"]
[BlackTitle "IM"]
[WhiteElo "2156"]
[BlackElo "2374"]
[WhiteFideId "24131008"]
[BlackFideId "3600467"]
[EventDate "2020.01.21"]

1. d4 Nf6 2. c4 e5 3. dxe5 Ng4 4. Nh3 Nxe5 5. e3 d5 6. Qxd5 Qf6 7. Nf4 c6 8. Qd4
Bf5 9. Nc3 Na6 10. a3 Nc5 11. Nh5 Qe6 12. Qxc5 Bxc5 13. Nxg7+ Ke7 14. Nxe6 Bxe6
15. Ne4 Bb6 16. c5 Bc7 17. Bd2 Rhg8 18. Bc3 f6 19. O-O-O Bd5 20. Ng3 h5 21. e4
Bb3 22. Rd4 Ng4 23. Nf5+ Ke6 24. Rb4 Nxf2 25. Rxb3 Nxh1 26. Bc4+ Kd7 27. Bxg8
Rxg8 28. Rxb7 Kc8 29. Ne7+ Kxb7 30. Nxg8 Bxh2 31. Nxf6 Ng3 32. Kd1 Ka6 33. a4
Kb7 34. Bd4 1-0

[Event "Gibraltar Masters 2020"]
[Site "Caleta ENG"]
[Date "2020.01.25"]
[Round "5.76"]
[White "Pigott, John C"]
[Black "Advait, Bagri"]
[Result "1/2-1/2"]
[WhiteTitle "IM"]
[BlackTitle "CM"]
[WhiteElo "2370"]
[BlackElo "2105"]
[WhiteFideId "400459"]
[BlackFideId "5820391"]
[EventDate "2020.01.21"]

1. c4 c6 2. Nf3 d5 3. g3 Nf6 4. Bg2 Bg4 5. O-O Nbd7 6. cxd5 cxd5 7. Qb3 Qb6 8.
Qxb6 axb6 9. Nc3 e6 10. d3 Bc5 11. h3 Bxf3 12. Bxf3 O-O 13. Bf4 d4 14. Nb5 Nd5
15. Bxd5 exd5 16. Rfc1 h6 17. Nc7 Rac8 18. Nxd5 g5 19. Bc7 Rfe8 20. Rc2 Re6 21.
Rac1 Rce8 22. Kf1 f5 23. a4 Bf8 24. b4 Kf7 25. b5 Ra8 26. Ra1 Bc5 27. a5 bxa5
28. Rxa5 Rc8 29. Raa2 Ree8 30. Ba5 b6 31. Bd2 Ke6 32. Ra7 Kxd5 33. Rxd7+ Ke6 34.
Rh7 Rh8 35. Rxh8 Rxh8 36. Ra2 Kd5 37. Ra6 Rh7 38. e3 Re7 39. Ke2 dxe3 40. fxe3
Bxe3 41. Bxe3 f4 42. gxf4 gxf4 43. Rxb6 Rxe3+ 44. Kf2 1/2-1/2

[Event "Gibraltar Masters 2020"]
[Site "Caleta ENG"]
[Date "2020.01.25"]
[Round "5.77"]
[White "Represa Perez, Mireya"]
[Black "Kosteniuk, Alexandra"]
[Result "0-1"]
[WhiteTitle "WFM"]
[BlackTitle "GM"]
[WhiteElo "2081"]
[BlackElo "2504"]
[WhiteFideId "32010036"]
[BlackFideId "4128125"]
[EventDate "2020.01.21"]

1. e4 c6 2. Nc3 d5 3. Nf3 Bg4 4. h3 Bxf3 5. Qxf3 e6 6. Be2 Nd7 7. O-O g6 8. d4
Bg7 9. Rd1 Ne7 10. Bf4 O-O 11. g3 h6 12. h4 a5 13. a4 Qb6 14. Rab1 Kh7 15. Qd3
dxe4 16. Nxe4 Rad8 17. Qa3 Nd5 18. Bd6 Rfe8 19. c4 N5f6 20. Nxf6+ Nxf6 21. c5
Qb4 22. Qf3 Rxd6 23. cxd6 Qxd6 24. Qb3 Qc7 25. Bf3 Rd8 26. Qc2 Ne8 27. Qc5 h5
28. b4 axb4 29. Qxb4 Nd6 30. Qc5 Rd7 31. Kg2 Nf5 32. Rb4 Qd8 33. Qb6 Qh8 34. Qc5
Bf8 35. Qc4 Bxb4 36. Qxb4 Nxd4 37. Qb1 Qe5 38. Qb6 Qf6 39. Be4 e5 40. a5 Qe6 41.
Bd3 Qd5+ 42. Kg1 Qf3 43. Rd2 e4 44. Bf1 e3 45. Rxd4 Qxf2+ 46. Kh1 Qxf1+ 47. Kh2
Rxd4 48. Qxd4 e2 0-1

[Event "Gibraltar Masters 2020"]
[Site "Caleta ENG"]
[Date "2020.01.25"]
[Round "5.78"]
[White "Paehtz, Elisabeth"]
[Black "Paramzina, Anastasya"]
[Result "1-0"]
[WhiteTitle "IM"]
[BlackTitle "WGM"]
[WhiteElo "2467"]
[BlackElo "2224"]
[WhiteFideId "4641833"]
[BlackFideId "4165012"]
[EventDate "2020.01.21"]

1. d4 Nf6 2. Nf3 g6 3. Bg5 Bg7 4. Nbd2 h6 5. Bh4 c5 6. Bxf6 Bxf6 7. Ne4 Qb6 8.
Nxf6+ Qxf6 9. c3 d6 10. dxc5 dxc5 11. Qd5 Qd6 12. e4 Qc7 13. O-O-O Be6 14. Bb5+
Nd7 15. Qe5 O-O-O 16. Bxd7+ Bxd7 17. Qxe7 f5 18. e5 Rhe8 19. Qf7 g5 20. Rd6 g4
21. Nh4 Be6 22. Qg6 Bxa2 23. Nxf5 Rxe5 24. Rhd1 Rde8 25. Qxg4 Kb8 26. Qa4 Bg8
27. Rd7 Qb6 28. Nd6 Bb3 29. Nxe8 Rxe8 30. Qf4+ Ka8 31. Re7 Rb8 32. Rdd7 a6 33.
Qe4 Qb5 34. Kd2 Qf1 35. Qe2 Qa1 36. Ke3 c4 37. Qd2 Qa5 38. f4 Qc5+ 39. Qd4 Qh5
40. Qb6 Qxh2 41. Qxa6+ 1-0